书目信息 |
| 题名: |
女人不要输在情商上
|
|
| 作者: | 崔小西 著 | |
| 分册: | ||
| 出版信息: | 南昌 江西美术出版社 2017 |
|
| 页数: | 210页 | |
| 开本: | 21cm | |
| 丛书名: | ||
| 单 册: | ||
| 中图分类: | B842.6-49 | |
| 科图分类: | ||
| 主题词: | 女性--情商--通俗读物 | |
| 电子资源: | ||
| ISBN: | 978-7-5480-4260-0 | |
| 000 | 00747nam0 2200217 450 | |
| 001 | 5823 | |
| 005 | 20180529223804.64 | |
| 010 | @a978-7-5480-4260-0@dCNY26.80 | |
| 100 | @a20170905d2017 em y0chiy50 ea | |
| 101 | 0 | @achi |
| 102 | @aCN@b360000 | |
| 105 | @ay z 000yy | |
| 200 | 1 | @a女人不要输在情商上@9nv ren bu yao shu zai qing shang shang@f崔小西著 |
| 210 | @a南昌@c江西美术出版社@d2017 | |
| 215 | @a210页@d21cm | |
| 330 | @a本书分为八部分,女人的情商比智商更重要、别让情绪失控害了你、心向美好,且有力量、所谓情商高,就是会说话、女人处世不要太单纯、跟任何人都能交朋友等。 | |
| 606 | 0 | @a女性@x情商@j通俗读物 |
| 690 | @aB842.6-49@v5 | |
| 701 | 0 | @a崔小西@9cui xiao xi@4著 |
| 801 | 0 | @aCN@b91MARC@c20170905 |
| 905 | @aMuseLib@dB842.6@e1946 | |
| 女人不要输在情商上/崔小西著.-南昌:江西美术出版社,2017 |
| 210页;21cm |
| ISBN 978-7-5480-4260-0:CNY26.80 |
| 本书分为八部分,女人的情商比智商更重要、别让情绪失控害了你、心向美好,且有力量、所谓情商高,就是会说话、女人处世不要太单纯、跟任何人都能交朋友等。 |
| ● |
| 相关链接 |
|
|
|
|
正题名:女人不要输在情商上
索取号:B842.6/1946
 
预约/预借
| 序号 | 登录号 | 条形码 | 馆藏地/架位号 | 状态 | 备注 |
| 1 | 1115140 | 211151402 | 第一借阅区/ [索取号:B842.6/1946] | 在馆 | |
| 2 | 1115141 | 211151411 | 教育系资料室/ [索取号:B842.6/1946] | 在馆 | |
| 3 | 1115142 | 211151420 | 教育系资料室/ [索取号:B842.6/1946] | 在馆 | |
| 4 | 1115143 | 211151439 | 教育系资料室/ [索取号:B842.6/1946] | 在馆 | |
| 5 | 1115144 | 211151448 | 第一借阅区/ [索取号:B842.6/1946] | 在馆 | |
| 6 | 1115145 | 211151457 | 第一借阅区/ [索取号:B842.6/1946] | 在馆 | |
| 7 | 996844 | 209968445 | 第一样本阅览室/ [索取号:B842.6/1946] | 在馆 | |
| 8 | 996845 | 209968454 | 第一借阅区/ [索取号:B842.6/1946] | 在馆 | |
| 9 | 996846 | 209968463 | 第一借阅区/ [索取号:B842.6/1946] | 在馆 | |
| 10 | 996847 | 209968472 | 第一借阅区/ [索取号:B842.6/1946] | 在馆 | |
| 11 | 996848 | 209968481 | 第一借阅区/ [索取号:B842.6/1946] | 在馆 | |
| 12 | 996849 | 209968490 | 史法系资料室/ [索取号:B842.6/1946] | 在馆 |